NFL Teams Sudden Death - Statistics

General Stats
  • This quiz has been taken 263 times
  • The average score is 27 of 32
Answers on the Grid
Answers color-coded by a green-red scale on the quiz's grid according to % correct below.
Arizona Cardinals
Arizona Diamondbacks
Atlanta Falcons
Baltimore Ravens
Boston Celtics
Buffalo Bills
Buffalo Sabres
Carolina Panthers
Chicago Bears
Chicago Blackhawks
Cincinnati Bengals
Cincinnati Reds
Cleveland Browns
Cleveland Cavaliers
Columbus Blue Jackets
Dallas Cowboys
Denver Broncos
Detroit Lions
Florida Panthers
Golden State Warriors
Green Bay Packers
Houston Texans
Indianapolis Colts
Jacksonville Jaguars
Kansas City Chiefs
Las Vegas Raiders
Los Angeles Chargers
Los Angeles Rams
Miami Dolphins
Miami Marlins
Milwaukee Bucks
Minnesota Vikings
New England Patriots
New Orleans Saints
New York Giants
New York Jets
New York Mets
Philadelphia 76ers
Philadelphia Eagles
Philadelphia Flyers
Pittsburgh Steelers
Portland Trailblazers
San Francisco 49ers
San Francisco Giants
Seattle Seahawks
St Louis Blues
St Louis Cardinals
Tampa Bay Buccaneers
Tennessee Titans
Washington Commanders
 
Answer Stats
Answer % Correct
Arizona Cardinals
92%
Buffalo Bills
92%
Atlanta Falcons
91%
Baltimore Ravens
91%
Cleveland Browns
91%
Carolina Panthers
90%
Chicago Bears
90%
Cincinnati Bengals
90%
Dallas Cowboys
89%
Denver Broncos
89%
Kansas City Chiefs
89%
Green Bay Packers
87%
Miami Dolphins
87%
Detroit Lions
86%
Las Vegas Raiders
85%
Indianapolis Colts
84%
Minnesota Vikings
84%
New England Patriots
84%
Houston Texans
83%
Jacksonville Jaguars
83%
Los Angeles Chargers
82%
Los Angeles Rams
82%
New Orleans Saints
82%
New York Giants
82%
New York Jets
82%
Philadelphia Eagles
82%
Pittsburgh Steelers
80%
San Francisco 49ers
80%
Tampa Bay Buccaneers
79%
Seattle Seahawks
78%
Tennessee Titans
76%
Washington Commanders
76%
No matching quizzes found
Score Distribution
Percent of People with Each Score
Percentile by Number Answered
Your Score History
You have not taken this quiz